书目信息 |
| 题名: |
物流管理中的优化方法与应用分析
|
|
| 作者: | 王寿阳 , 赵秋红 著 | |
| 分册: | ||
| 出版信息: | 北京 科学出版社 2006.05 |
|
| 页数: | 281页 | |
| 开本: | 24cm | |
| 丛书名: | 管理决策与信息系统丛书 | |
| 单 册: | ||
| 中图分类: | F252 | |
| 科图分类: | ||
| 主题词: | 物资经济 | |
| 电子资源: | ||
| ISBN: | 7-03-015899-7 | |
| 000 | 00731 nam 000241 | |
| 001 | 0100001887 | |
| 005 | 20070903100930.62 | |
| 010 | @a7-03-015899-7@dCNY36.00 | |
| 100 | @a20070806d2006 em y0chiy0121 ea | |
| 101 | @achi | |
| 102 | @aCN@b110000 | |
| 105 | @ay z 000yy | |
| 200 | 10 | @a物流管理中的优化方法与应用分析@9wu liu guan li zhong de you hua fang fa yu ying yong fen xi@f赵秋红 王寿阳著@Fzhao qiu hong wang shou yang zhu |
| 210 | @a北京@c科学出版社@d2006.05 | |
| 215 | @a281页@d24cm | |
| 225 | @a管理决策与信息系统丛书 | |
| 606 | @a物资经济 | |
| 690 | @aF252@v4 | |
| 701 | 1 | @a王寿阳@9wang shou yang@4著 |
| 701 | 0 | @a赵秋红@9zhao qiu gong@4著 |
| 801 | @aCN@c20070903 | |
| 901 | @a000003 | |
| 905 | @dF252@eZ310 | |
| 物流管理中的优化方法与应用分析/赵秋红 王寿阳著.-北京:科学出版社,2006.05 |
| 281页;24cm.-(管理决策与信息系统丛书) |
| ISBN 7-03-015899-7:CNY36.00 |
| ● |
| 相关链接 |
|
|
|
正题名:物流管理中的优化方法与应用分析
索取号:F252/Z310
 
预约/预借
| 序号 | 登录号 | 条形码 | 馆藏地/架位号 | 状态 | 备注 |
| 1 | 644020 | 206440207 | 社科库409/409社科库 80排4列4层/ [索取号:F252/Z310] | 在馆 | |
| 2 | 644021 | 206440216 | 社科库409/409社科库 80排4列4层/ [索取号:F252/Z310] | 在馆 |